000 00623nam a22001937a 4500
005 20100823142427.0
010 _aENG-101297
020 _c700.00
_a9788190603607
035 _aEN-84830
037 _bDBAD/PUB
082 _a881
100 _aVerma, Satish
_9669
245 _aSongs of debacle /
_cby Satish Verma
260 _aAjmer
_bARAWLII Publications
_c2009
270 _a5-AII, Mayoor Colony, Alwar Gate
_bAjmer
_e305007
300 _avi, 101p.
_c20cm (pbk)
942 _2ddc
_cEN
_h881
_mVER
999 _c43003
_d43003